000 00606nam a2200253Ia 4500
003 0100
008 130303s9999 xx 000 0 und d
040 _cARRUPELIB
050 _aB485.O82
100 _aOwens, Joseph
245 _aAristotle
245 _bThe collected papers of Joseph Owens
260 _aAlbany
260 _bState University of New York Press.
260 _C1981
300 _a264p.
300 _b 23cm
650 _aPHILOSOPHY
650 _bAdvancement Motivation
650 _cStress (psychology)
650 _dAnxiety
700 _aCatan, John R.ed
942 0 0 _01
999 _c25487
_d25487